| 000 | 00000nas##2200000za#4500 |
| 001 | 9.507640 |
| 003 | CaOODSP |
| 005 | 20200731151137 |
| 007 | cr ||||||||||| |
| 008 | 150406c2000||||xxc|| p o||||f| |0eng|d |
| 022 | |a1493-7387 |
| 040 | |aCaOODSP|beng |
| 043 | |an-cn--- |
| 086 | 1 |aSA1E-PDF |
| 110 | 2 |aNational Archives of Canada. |
| 245 | 10|aAnnual review - National Archives of Canada |h[electronic resource] |
| 260 | |aOttawa - Ontario : |bNational Archives of Canada |
| 310 | |aAnnual |
| 362 | 1 |a[1999/2000]- |
| 690 | 07|aAnnual reports|2gcpds |
| 690 | 07|aNational archives|2gcpds |
| 775 | 08|tRevue annuelle - Archives nationales du Canada |w(CaOODSP)9.504025 |